[Kollár, Ján]

Zobrazenie: Podobizeň básnika, filológa, archeológa, etnografa, ideológa slovanskej vzájomnosti, univerzitného profesora a evanjelického kňaza Jána Kollára (29.7.1793 Mošovce - 24.1.1852 Viedeň, 1904 poch. v Prahe). Reprodukcia maľby podľa Friedricha Johanna Gottlieba Liedera od neznámeho autora....

Full description

Bibliographic Details
Corporate Author: Matica slovenská (Photographer)
Other Authors: Hajda, Vladimír (Photographer)
Format: Photo
Language:Slovak
PhysicalDescription:1 fotografia čb 15 x 10 cm
Published: [S.l. s.n.] 1963
Subjects:

MARC

LEADER 00000nkmaa2200000 a 4500
001 vtls010666896
003 SK-MaSNL
005 20260331210203.0
007 kh bo
008 251016s1963 xo | |||| k|slo
035 |a F072CB0C-8A54-4764-AFE9-B70714C27BAE 
035 |a urn:nbn:sk:snk-kmxxab 
035 |a urn:nbn:sk:snk-km004f23 
040 |a SNKLA  |b slo  |c SNKLA  |e AACR2 
041 0 |a slo 
044 |a xo  |c SK 
100 1 |a Hajda, Vladimír  |4 pht  |9 6178 
245 1 0 |a [Kollár, Ján]  |h grafika 
260 |a [S.l.  |b s.n.]  |c 1963 
300 |a 1 fotografia  |b čb  |c 15 x 10 cm 
500 |a Maľba sa nachádza v zbierkach Literárneho múzea SNK v Martine. Podobná fotografia je pod signatúrou K 9/2 a 401. 
520 2 |a Zobrazenie: Podobizeň básnika, filológa, archeológa, etnografa, ideológa slovanskej vzájomnosti, univerzitného profesora a evanjelického kňaza Jána Kollára (29.7.1793 Mošovce - 24.1.1852 Viedeň, 1904 poch. v Prahe). Reprodukcia maľby podľa Friedricha Johanna Gottlieba Liedera od neznámeho autora. 
600 1 7 |a Kollár, Ján,  |d 1793-1852  |2 SNKMA  |9 106018 
655 7 |a portrétne fotografie  |2 SNKLA  |9 305796 
655 7 |a reprodukcie umeleckých diel  |2 SNKPH  |9 70730 
700 1 |a Lieder, Friedrich Johann Gottlieb,  |d 1780-1859  |4 art  |9 419652 
710 2 |a Matica slovenská  |4 pht  |9 14662 
852 |a Slovenská národná knižnica  |b Literárny archív 
852 7 |a Slovenská národná knižnica  |b Literárny archív 
958 |a BLA 
999 |c 669821  |d 671751 
952 |a SNKLA  |b SNKLA  |c SNKLA_DEP  |y NEVYP  |7 0  |p 17A1007103  |o snkK 9/165  |i snkLA 781/1964  |0 0  |1 0  |4 0  |d 2015-04-14  |f 1  |l 0  |r 2026-02-23 19:23:09  |w 2026-02-23